00429nam a2200157Ia 4500008004100000020001800041082001400059100002300073245003800096250000800134260003800142300002400180500001900204600003300223650001500256240925s9999 xx 000 0 und d a9789352866205 a158.4 NAH aNahavandi, Afsaneh 4aThe Art and Science of Leadership a7th aIndia:bPearson Educationc,2018. a288p.bNAfOriginal aIncludes Index aHumanities & Natural Science aPsychology